1816 1910 1212 1073 1300 1626 1575 1175 1403 1810 1264 1682 1150 1645 1563 1525 1005 1870 1308 1167 1589 1777 1040 1058 1757 1405 1063 1992 1116 1410 1176 1058 1369 1399 1871 1287 1359 1624 1016 1844 1551 1795 1335 1830 1423 1131 1174 1782 1117 1221 1747 1447 1572 1506 1753 1362 1597 1920 1944 1385 1988 1966 1705 1705 1928 1810 1434 1781 1328 1595 1635 1386 1114 1165 1054 1424 1066 1203 1136 1594 1835 1739 1661 1275 1806 1070 1829 1674 1762 1001 1389 1858 1816 1227 1970 1016 1224 1074 1275 BCNSPRNW ULIB Ver.6.0+V

เปลี่ยนเป็นภาษาไทย

Change to English
 แสดงรายละเอียดบรรณานุกรม
  กลับหน้าหลัก

Brief Record : Get Marc (ISO 2709) : E-mail record : QR code < ปิดหน้าต่าง
LEADER : 00000nam 2200000uu 4500
001    13399115202
003     ULIB
008    120727s2550||||th 000 0 tha d
020    ^a9789749601648
090    ^aนว.^bร940ฮ ล.7 2550
100 0  ^aโรว์ลิ่ง, เจ.เค.
245 00 ^aแฮร์รี่ พอตเตอร์ กับเครื่องรางยมทูต เล่ม7/^cโรว์ลิ่ง, เจ.เค.
250    ^aพิมพ์ครั้งที่ 1
260    ^aกรุงเทพฯ :^bนานมีบุ๊คส์,^c2550
300    ^a970 หน้า
710 1  ^aนานมีบุ๊คส์
945    ^p0^l0^i14789
995    ^aกัณชพร
999    ^aใช้งานได้ทุกระบบ
รายการนี้ยังไม่มีแท็ก
คุณยังไม่ได้ล็อกอิน คุณสามารถมีกิจกรรมร่วมกับเว็บไซต์ได้ แต่ต้องล็อกอินก่อน ::
  ล็อกอิน

รายการสื่อสารสนเทศ

ลำดับที่ ประเภท เลขเรียก/บาร์โค้ด สถานที่ สถานะ
1. วิทยาศาสตร์การแพทย์ และสุขภาพ
วิทยาศาสตร์การแพทย์ และสุขภาพ
นว. ร940ฮ ล.7 2550  
  Barcode: 14789
ห้องสมุดวิทยาเขตสวรรค์ประชารักษ์
►นวนิยาย
บนชั้น
  ขอยืม

รายการใกล้เคียง
    ผู้แต่ง [โรว์ลิ่ง, เจ.เค.]

BibComment


ยังไม่เคยถูกคอมเมนท์

คอมเมนท์ทรัพยากรรายการนี้
  คอมเมนท์: แฮร์รี่ พอตเตอร์..


 Copyright 2026. Bcnsprnw @Library